Pandectas hispano-mexicanas (notice nᵒ 57)
[ vue normale ]
| 000 -Sello discográfico | |
|---|---|
| campo de control de longitud fija | 01327nam a2200361 4500 |
| 005 - Identificación de versión | |
| campo de control | 20251016081906.0 |
| 010 ## - Número Estándar Internacional de Libros (ISBN) | |
| Número (ISBN) | 968-361-919-3 |
| 035 ## - Otros números de control del sistema | |
| Número de control del sistema | 18405 |
| 099 ## - fechas locales | |
| Tipo de ítem Koha | LIBRO |
| 100 ## - Datos de procesamiento general | |
| Datos de procesamiento general | 19930801d1991 m y1spay5003 ba |
| 105 ## - Campo de datos codificados: Material textual, monográfico | |
| Datos codificados de monografía | y 001zy |
| 200 1# - Título y mención de responsabilidad | |
| Título propio | Pandectas hispano-mexicanas |
| Designación general del material | texto impreso |
| Primer mención de responsabilidad | Juan N. Rodríguez de San Miguel |
| Declaración de responsabilidad subsiguiente | estudio introductorio de María del Refugio González |
| 205 ## - Declaración de edición | |
| Declaración de edición | 4a ed |
| 210 ## - Publicación, distribución, etc. | |
| Lugar de publicación, distribución, etc. | México |
| Nombre del editor, distribuidor, etc. | Universidad Nacional Autónoma de México, Instituto de Investigaciones Jurídicas |
| Fecha de publicación, distribución, etc. | 1991 |
| 215 ## - Descripción física | |
| Designación de material específico y extensión del ítem | 3 v |
| Dimensiones | 23 cm |
| 300 ## - Notas generales | |
| Texto de la nota | Reproducción facsimilar de la edición de Méjico : Librería de J.F. Rosa, 1852 |
| 345 ## - Nota de información de adquisición | |
| Fuente de adquisición/dirección de la suscripción [OBSOLETO] | Donación |
| 410 #1 - Series | |
| Título | Serie A: Fuentes. b)Textos y estudios legislativos |
| Número de volumen | 21 |
| 606 ## - Término temático usado como materia | |
| Elemento de entrada | Derecho |
| Subdivisión geográfica | España |
| Número Koha | 205 |
| 606 ## - Término temático usado como materia | |
| Elemento de entrada | Derecho |
| Subdivisión geográfica | México |
| Número Koha | 206 |
| 660 ## - Código de área geográfica | |
| Código | MX |
| 700 ## - Nombre personal - Responsabilidad primaria | |
| Elemento de entrada | Rodríguez de San Miguel |
| Parte del nombre distinta del elemento de entrada | Juan Nepomuceno |
| Fechas | 1808-1877 |
| Número Koha | 207 |
| 702 ## - Nombre personal - Responsabilidad secundaria | |
| Elemento de entrada | González |
| Parte del nombre distinta del elemento de entrada | María del Refugio |
| Número Koha | 208 |
| 801 #0 - Fuente de origen | |
| Agencia | cm |
| 900 ## - | |
| -- | 1/10353 |
| 900 ## - | |
| -- | 710936023\\010893 |
| 942 ## - ELEMENTOS DE ENTRADA SECUNDARIOS (KOHA) | |
| Tipo de ítem Koha | Livre |
| 996 ## - | |
| -- | MEX |
| -- | 751145101 |
| -- | MMAG |
| -- | 003521 |
| -- | 349.72 E77P V.1 |
| -- | 20191105LIV |
| 996 ## - | |
| -- | MEX |
| -- | 751145101 |
| -- | MMAG |
| -- | 003522 |
| -- | 349.72 E77P V.2 |
| -- | 20191105LIV |
| 996 ## - | |
| -- | MEX |
| -- | 751145101 |
| -- | MMAG |
| -- | 003523 |
| -- | 349.72 E77P V.3 |
| -- | 20191105LIV |
| Estatus retirado | Estado de daño | Estado de pérdida | Fecha de adquisición | Biblioteca de origen | Biblioteca actual | Ubicación en estantería | Código de barras | Precio de reemplazo | Signatura topográfica completa | No para préstamo | Tipo de ítem Koha | Nota pública | Nota no pública |
|---|---|---|---|---|---|---|---|---|---|---|---|---|---|
| 05/08/2025 | Casa México Paris | Casa México Paris | 003521 | 05/08/2025 | 349.72 E77P V.1 | Livre | 20191105LIV | 751145101 | |||||
| 05/08/2025 | Casa México Paris | Casa México Paris | 003522 | 05/08/2025 | 349.72 E77P V.2 | Livre | 20191105LIV | 751145101 | |||||
| 05/08/2025 | Casa México Paris | Casa México Paris | 003523 | 05/08/2025 | 349.72 E77P V.3 | Livre | 20191105LIV | 751145101 |